Les 30 plus gros transferts de la Premier League - Statistiques

Statistiques générales
  • Ce quiz a été pris 3 029 fois
    824 depuis la dernière actualisation
  • Le résultat moyen est 22 sur 30
Statistiques - réponses
Pos Réponse Club de départ Club d'arrivée Montant du transfert Saison % Correct
1 Coutinho FC Liverpool FC Barcelone 135,00 mio. € 17/18
96%
3 Grealish Aston Villa Manchester City 117,50 mio. € 21/22
93%
4 Rice West Ham Utd. Arsenal 116,60 mio. € 23/24
92%
7 Pogba Juventus Turin Manchester Utd. 105,00 mio. € 16/17
91%
8 Bale Tottenham Real Madrid 101,00 mio. € 13/14
88%
5 Hazard Chelsea Real Madrid 115,00 mio. € 19/20
87%
6 Lukaku Inter Milan Chelsea 113,00 mio. € 21/22
87%
10 Ronaldo Manchester Utd. Real Madrid 94,00 mio. € 09/10
85%
9 Antony Ajax Manchester Utd. 95,00 mio. € 22/23
83%
2 Fernandez SL Benfica Chelsea 121,00 mio. € 22/23
83%
12 Sancho Bor. Dortmund Manchester Utd. 85,00 mio. € 21/22
83%
11 Maguire Leicester City Manchester Utd. 87,00 mio. € 19/20
80%
21 De Bruyne VfL Wolfsburg Manchester City 76,00 mio. € 15/16
79%
14 Van Dijk FC Southampton FC Liverpool 84,65 mio. € 17/18
79%
19 Pepe LOSC Lille Arsenal 80,00 mio. € 19/20
77%
17 Nunez SL Benfica FC Liverpool 80,00 mio. € 22/23
73%
15 Suarez FC Liverpool FC Barcelone 81,72 mio. € 14/15
72%
22 Havertz Chelsea Arsenal 75,00 mio. € 23/24
69%
28 Mudryk Shakhtar Donetsk Chelsea 70,00 mio. € 22/23
69%
18 Havertz Bay. Leverkusen Chelsea 80,00 mio. € 20/21
68%
26 Casemiro Real Madrid Manchester Utd. 70,65 mio. € 22/23
67%
20 Arrizabalaga Atletic Bilbao Chelsea 80,00 mio. € 18/19
65%
25 Dias SL Benfica Manchester City 71,60 mio. € 20/21
64%
29 Isaak Real Sociedad Newcastle Utd. 70,00 mio. € 22/23
63%
24 Lukaku Manchester Utd. Inter Milan 74,00 mio. € 19/20
63%
13 Lukaku FC Everton Manchester Utd. 84,70 mio. € 17/18
58%
23 Di Maria Real Madrid Manchester Utd. 75,00 mio. € 14/15
55%
30 Rodri Atlético Madrid Manchester City 70,00 mio. € 19/20
55%
16 Fofana Leicester Chelsea 80,40 mio. € 22/23
53%
27 Szoboszlai RB Leipzig FC Liverpool 70,00 mio. € 23/24
46%
Aucun quiz correspondant
Distribution des résultats
% des personnes avec chaque résultat
Percentile par nombre de réponses
Votre historique - résultats
Vous n’avez pas pris ce quiz depuis la dernière actualisation